000
00301cam a2200133ua 4500
041
_a
mal
_h
082
_a
894.812 308
_b
BEC/MA
100
_a
Beck, Stein .
245
_a
Manushiarum elikalum /
_c
Stein Beck.
_h
Textual Documents
300
_a
243 ; .
504
_a
942
_c
BK
999
_c
6675
_d
6675